000 00603nam a2200217Ii 4500
003 JO-AjNU
008 230606s9999||||xx |||||||||||||| ||und||
020 _a0-205-11325-7
040 _aJO-AjNU
_beng
_erda
_cJO-AjNU
041 _aeng
050 1 4 _aHD31.H542.1988
100 3 _aHODGE,B.J/WILLIAM P.ANTHONY,
_eauthor
_92914
245 0 0 _aOrganization Theory
250 _a3 ed
264 3 1 _aBoston:ALLYN and Bacon,1988
300 _a782p
336 _atext
_btxt
_2rdacontent
337 _aunmediated
_bn
_2rdamedia
338 _avolume
_bnc
_2rdacarrier
650 4 _aOrganization-Management
_92915
999 _aE1526
_c1526
_d1526